| 000 | 00446nam a2200193Ia 4500 | ||
|---|---|---|---|
| 005 | 20250603144659.0 | ||
| 008 | 250603s9999 xx 000 0 und d | ||
| 020 | _a9782815365 | ||
| 050 | _aKP 84.5 .A7/ | ||
| 100 | _aAriiwodola, Adebisi J. | ||
| 245 | 0 | _aCompanies taxation in Nigeria. | |
| 250 | _a4th ed. | ||
| 260 | _aLagos | ||
| 260 | _bJaa Nigeria limited. | ||
| 260 | _c2007 | ||
| 300 | _a328 p | ||
| 650 | _aLagos | ||
| 942 | _cBK | ||
| 999 |
_c39636 _d39636 |
||